2-Letter Blitz Quiz Stats

 Plays Quiz Updated Aug 23, 2017

Also try: 3-Letter Blitz
Challenge
Share
Tweet
Embed
Score 0/24 Timer 02:00
9 Plays Today
Category 2-Letter Thing % Correct
Pixar movieUp
86.6%
Musical noteDo Re Mi Fa La Ti Ut
79.6%
Conjugated form of to beAm Is Be
77.9%
Prime Roman numeralII XI CI
76.1%
Greek letterMu Nu Xi Pi
69.2%
TeletubbyPo
66.7%
Spielberg film (excluding subtitle)A.I. E.T.
66%
English subjective pronounHe It We Ye
64.5%
Element symbol with only vowelsAu Eu
61%
Part of the psycheId
56.9%
Chinese zodiac animalOx
55.5%
Monopoly board squareGo
53.8%
Category 2-Letter Thing % Correct
Egyptian godRa Nu
52%
Baseball Hall of Fame first namesTy Cy Al Ed
51.3%
Moon of JupiterIo
45.7%
March daughter in 'Little Women'Jo
42.1%
Outstanding Drama Emmy winnerER
32.4%
President of China or TaiwanHu Li Ma Xu Xi
28.1%
Infinitive verb in SpanishIr
27.6%
Type of printer's dashEm En
21.6%
Top 100 circulation magazine (US)GQ
16%
Sumerian city-stateUr
12.4%
Scrabble word with no vowels*Mm Hm Sh
12%
Literature Nobel laureateFo Oe
7.4%

You're not logged in!

Compare scores with friends on all Sporcle quizzes.
Join for Free
OR
Log In

You Might Also Like...

Show Comments

Extras

Top Quizzes Today


Score Distribution

Your Account Isn't Verified!

In order to create a playlist on Sporcle, you need to verify the email address you used during registration. Go to your Sporcle Settings to finish the process.

Report this User

Report this user for behavior that violates our Community Guidelines.

Details: